Najlepsze tenisistki w historii swoich krajów. - Statystyki

Ogólne statystyki
  • Ten quiz został rozwiązany 153 razy
    69 od ostatniego zresetowania
  • Średni wynik to 14 z 25
Statystyki odpowiedzi
Kraj Zwycięstwa
wielkoszlemowe
Najwyższe miejsce
w rankingu WTA
Zawodniczka % Poprawnych
Polska 6 1 Iga Świątek
93%
USA 23 1 Serena Williams
92%
Niemcy (RFN) 22 1 Steffi Graf
85%
Białoruś 3 1 Aryna Sabalenka
80%
Japonia 4 1 Naomi Osaka
75%
Kazachstan 2 3 Jelena Rybakina
72%
Dania 1 1 Caroline Wozniacki
68%
Łotwa 1 5 Jelena Ostapienko
67%
Rumunia 2 1 Simona Halep
67%
Czechosłowacja 18 1 Martina Navratilova
65%
Belgia 7 1 Justine Henin
57%
Rosja 5 1 Maria Szarapowa
57%
Szwajcaria 5 1 Martina Hingis
57%
Jugosławia 9 1 Monica Seles
55%
Czechy 2 2 Petra Kvitova
55%
Chiny 2 2 Li Na
53%
Serbia 1 1 Ana Ivanovic
47%
Australia 11 1 Margaret Smith Court
42%
Francja 2 1 Amelie Mauresmo
33%
Hiszpania 4 1 Arantxa Sanchez Vicario
30%
Włochy 1 4 Francesca Schiavone
30%
Argentyna 1 3 Gabriela Sabatini
27%
Kanada 1 4 Bianca Andreescu
25%
Wielka Brytania 3 2 Virginia Wade
18%
Chorwacja 1 4 Iva Majoli
13%
Nie znaleziono quizów pasujących do podanych kryteriów
Rozkład punktacji
Procent ludzi z każdym wynikiem
Percentyl według liczby udzielonych odpowiedzi
Twoja historia wyników
Nie rozwiązałeś tego quizu od ostatniego zresetowania